Southville International School and Colleges
Your cart is empty.
  • Cart
  • Lists
    Public lists Eva Luna New books Lux_list list_1
    Your lists Log in to create your own lists
  • Log in to your account
  • Your cookies
  • Search history
Southville International School and Colleges
  • Advanced search
  • Recent comments
  • Most popular
  • Libraries

Log in to your account

Log in with GOOGLE


If you do not have an external account, but do have a local account, you can still log in:

  1. Home
  2. MARC view: Key concepts in e-commerce /
Normal view MARC view ISBD view

Key concepts in e-commerce / (Record no. 357131)

[ view plain ]
MARC details
000 -LEADER
fixed length control field 00633nam a2200229Ia 4500
008 - FIXED-LENGTH DATA ELEMENTS--GENERAL INFORMATION
fixed length control field 180523s9999 xx 000 0 und d
020 ## - INTERNATIONAL STANDARD BOOK NUMBER
International Standard Book Number 978-0-230-51671-7
050 ## - LIBRARY OF CONGRESS CALL NUMBER
Classification number MAIN HF 5548.32
050 ## - LIBRARY OF CONGRESS CALL NUMBER
Item number .C43 2007
100 ## - MAIN ENTRY--PERSONAL NAME
Personal name Charlesworth, Alan.
245 #0 - TITLE STATEMENT
Title Key concepts in e-commerce /
245 #0 - TITLE STATEMENT
Statement of responsibility, etc Alan Charlesworth.
260 ## - PUBLICATION, DISTRIBUTION, ETC. (IMPRINT)
Place of publication, distribution, etc New York :
260 ## - PUBLICATION, DISTRIBUTION, ETC. (IMPRINT)
Name of publisher, distributor, etc Palgrave Macmillan,
260 ## - PUBLICATION, DISTRIBUTION, ETC. (IMPRINT)
Date of publication, distribution, etc 2007
300 ## - PHYSICAL DESCRIPTION
Extent 316 pages :
300 ## - PHYSICAL DESCRIPTION
Dimensions 22 cm.
440 ## - SERIES STATEMENT/ADDED ENTRY--TITLE
Title Palgrave key concepts
500 ## - GENERAL NOTE
General note Includes bibliographical references and index.
650 ## - SUBJECT ADDED ENTRY--TOPICAL TERM
Topical term or geographic name as entry element Electronic commerce -- Dictionaries.
650 ## - SUBJECT ADDED ENTRY--TOPICAL TERM
General subdivision Internet.
Holdings
Withdrawn status Lost status Damaged status Home library Current library Shelving location Date acquired Cost, normal purchase price Total Checkouts Full call number Barcode Date last seen Price effective from Koha item type
      South Mansfield College South Mansfield College   02/04/2008 2.00   MAIN HF 5548.32 .C43 2007 SMC05058 05/23/2018 05/23/2018  

Key concepts in e-commerce /

APA

Charlesworth A., .Key concepts in e-commerce. New York: .

Chicago

Charlesworth Alan, .Key concepts in e-commerce. New York: .

Harvard

Charlesworth A., .Key concepts in e-commerce. New York: .

MLA

Charlesworth Alan, .New York: . .

  • Place hold
  • Print
  • Cite
  • Add to your cart (remove)
  • Save record
    BIBTEX Dublin Core MARCXML MARC (non-Unicode/MARC-8) MARC (Unicode/UTF-8) MARC (Unicode/UTF-8, Standard) MODS (XML) RIS
  • More searches
    Search for this title in:
    Other Libraries (WorldCat) Other Databases (Google Scholar) Online Stores (Bookfinder.com) Open Library (openlibrary.org)

Exporting to Dublin Core...

SOUTHVILLE LIBRARY

Southville International School and Colleges Library

1281 Tropical Ave. Cor. Luxembourg St., BF Homes International, Las Pinas City

Tel. No. 8256374 / 252358 Loc. 117/146

Powered by Koha